01212nam a22001457a 4500008004100000020002900041050001600070100004800086245005000134260003800184300002500222500004100247505073100288650004701019110830t xxu||||| |||| 00| 0 eng d a0075536552 9780075536550 aB2908 .F7  aFriedrich, Carl J. qCarl Joachim Friedrich aThe philosophy of Hegel cCarl J. Friedrich,  aNew York bModern Librarycc1954. alxiv, 552 p. c19 cm aIncludes bibliographical references  aContents: Preface -- I. The Philosophy of history (published posthumously,delivered first in 1822), translated by Carl J. Friedrich and Paul W. Freiedrich -- II. The History of philosophy (1805), translated by Carl J. Friedrich -- III. The Science of logic (1812, 1813, 1816), translated by W.H. Johnson and L.G. Struthers -- IV. Philosophy of right and law, or natural law and political science outlined (1821), translated by J.M. Sterrett and Carl J. Friedrich -- Lectures on aesthetics (published posthumously, delivered first in 1818 at Heidelberg), translated by B. Bosanquet and W.M. Bryant -- VI. The Phenomenology of the spirit (1807), translated by J.B. Baillie,revised by Carl J. Friedrich -- VII. Political essays  aHegel, Georg Wilhelm Friedrich x1770-1831